| 000 | 00768cab a2200241 4500 | ||
|---|---|---|---|
| 001 | WB3311-49 | ||
| 008 | 090401t1997 xxu||||| |||| 00| 0 eng d | ||
| 035 | _a(Sirsi) u77058 | ||
| 041 | _aeng | ||
| 245 | _aDisclaimer clauses | ||
| 260 | _c1997 | ||
| 350 | _a0 | ||
| 490 |
_aEstates Gazette _v(9710) 8 March 1997, 145(1) |
||
| 520 | _aDiscusses disclaimer clauses in valuation reports in relation to third party claims following the ruling by CA in "Omega Trust Co Ltd v Wright Son & Pepper". | ||
| 650 | _aDISCLAIMERS | ||
| 650 | _aOMEGA TRUST CO LTD V WRIGHT SON & PEPPER | ||
| 650 | _aTHIRD PARTIES | ||
| 650 | _aUNFAIR CONTRACT TERMS ACT 1977 | ||
| 650 | _aVALUATION REPORTS | ||
| 690 | _aRATING AND VALUATION | ||
| 942 | _n0 | ||
| 948 | _c13/03/1997 | ||
| 999 |
_c48425 _d48425 |
||